L'injustice, le prophète et le droit (notice n° 1640830)
[ vue normale ]
| 000 -LEADER | |
|---|---|
| fixed length control field | 00589cam a2200157 4500500 |
| 005 - DATE AND TIME OF LATEST TRANSACTION | |
| control field | 20260201095239.0 |
| 041 ## - LANGUAGE CODE | |
| Language code of text/sound track or separate title | fre |
| 042 ## - AUTHENTICATION CODE | |
| Authentication code | dc |
| 100 10 - MAIN ENTRY--PERSONAL NAME | |
| Personal name | Gibert, Pierre |
| Relator term | author |
| 245 00 - TITLE STATEMENT | |
| Title | L'injustice, le prophète et le droit |
| 260 ## - PUBLICATION, DISTRIBUTION, ETC. | |
| Date of publication, distribution, etc. | 2005.<br/> |
| 500 ## - GENERAL NOTE | |
| General note | 83 |
| 520 ## - SUMMARY, ETC. | |
| Summary, etc. | Resumé Face aux violences faites à l’homme, la réponse n’est pas seulement dans la loi et la règle, toujours à faire vivre. |
| 786 0# - DATA SOURCE ENTRY | |
| Note | Revue Projet | 289 | 6 | 2005-06-01 | p. 76-81 | 0033-0884 |
| 856 41 - ELECTRONIC LOCATION AND ACCESS | |
| Uniform Resource Identifier | <a href="https://shs.cairn.info/revue-projet-2005-6-page-76?lang=fr&redirect-ssocas=7080">https://shs.cairn.info/revue-projet-2005-6-page-76?lang=fr&redirect-ssocas=7080</a> |
Pas d'exemplaire disponible.




Réseaux sociaux